|
|
|
|
| LEADER |
00000nam a22000007a 4500 |
| 005 |
20220719220939.0 |
| 007 |
cr|||| |||| |
| 008 |
220719s2020 br |||||s|||| 00||0 por d |
| 020 |
|
|
|a 978-85-93741-77-7
|
| 035 |
|
|
|a 36735
|
| 040 |
|
|
|a vLex
|
| 090 |
|
|
|c 13585
|d 13585
|
| 100 |
1 |
|
|a Prata de Carvalho, Angelo
|
| 245 |
1 |
0 |
|a Controle Empresarial Externo
|h [Recurso electrn̤ico] :
|b A Intervenȯ̂ sobre a Polt̕ica Financeira como Critřio de Responsabilizaȯ̂ do Controlador /
|c Angelo Prata de Carvalho
|
| 256 |
|
|
|a Servicio en ln̕ea
|
| 260 |
|
|
|a Rio de Janeiro:
|b Editora Processo,
|c 2020
|
| 300 |
|
|
|a 1 recurso electrn̤ico
|
| 500 |
|
|
|a Muitas vezes ignorado ou at ̌rechaȧdo pela doutrina brasileira e com escassas refern̊cias no direito positivo, o controle empresarial externo consiste no exercc̕io do poder de controle por entidade estranha ̉comunhô societr̀ia, comumente pela via de direitos oriundos de valores mobilir̀ios especf̕icos, de contratos celebrados com a controlada ou de outras situaė̳s de fato relevantes. Assim, se os motivos que permeiam o controle societr̀io j ̀sô quase imperscrutv̀eis, a exigir sofisticada interpretaȯ̂ dos deveres e responsabilidades previstos pela legislaȯ̂ para que se enderece adequadamente a violaȯ̂ de normas de conduta pelos gestores das sociedades, com maior razô o direito brasileiro ̌lacunoso no que diz respeito ao controle empresarial externo. Dessa maneira, o presente trabalho tem como objetivo central, a partir da anl̀ise dos pressupostos do exercc̕io do poder econm̥ico por agentes privados no capitalismo financeiro, estruturar proposta de critřio de identificaȯ̂ do controle empresarial externo que faȧ jus aos elementos econm̥icos e sociais que dizem respeito ao poder de dominaȯ̂ de fato que se implementa em determinadas relaė̳s.
|
| 506 |
1 |
|
|a Disponible solo en los productos indicados
|d vLex Global
|d vLex Global (Academic Edition, excluding Law Schools)
|d vLex Global (U.S. Academic Edition, Law Schools)
|d vLex Global (U.S. Academic Edition, excluding Law Schools)
|d vLex Global (Academic Edition, Law Schools)
|
| 650 |
0 |
4 |
|a Derecho Mercantil y de la Empresa
|z Brasil
|
| 740 |
0 |
|
|a vLex Libros (Servicio en ln̕ea)
|
| 856 |
4 |
0 |
|u https://app.vlex.com/#/sources/36735
|z Acceso restringido
|
| 942 |
|
|
|c BOOK
|
| 999 |
0 |
|
|a Commercial and Company Law
|